000 00555nam a22001817a 4500
003 UA-OsUOA
001 13349
007 ta
008 20030515b un ||||| |||| 00| 0 ukr d
100 _aКриловець А.
942 _cSA
040 _aUA-OsUOA
_cUA-OsUOA
_dUA-OsUOA
245 _aУкраїнську філологію започатковано в "Острозькій академії"
300 _aС.8
955 _a0
773 0 _w0
_tРівненський діалог
_dРівне
_d2003
_g№18
650 7 _aАкадемії
_2UDC
999 _c299510
_d299510